Hector International Airport Destinations (Fargo, ND, USA) - Statistics

General Stats
  • This quiz has been taken 71 times
    37 since last reset
  • The average score is 9 of 12
Answer Stats
Airline Destination % Correct
Delta Air Lines/Delta Connection Minneapolis/St. Paul
97%
American Eagle/United Express Chicago (O'Hare)
94%
Frontier Airlines/United Airlines/United Express Denver
94%
Delta Air Lines Atlanta
91%
American Eagle Dallas/Fort Worth
84%
Allegiant Air Las Vegas
78%
Frontier Airlines Orlando
75%
Allegiant Air Orlando/Sanford
75%
Allegiant Air Phoenix/Mesa
72%
American Eagle Phoenix (Sky Harbor)
69%
Allegiant Air Nashville
47%
Allegiant Air St. Petersburg/Clearwater
38%
No matching quizzes found
Score Distribution
Percent of People with Each Score
Percentile by Number Answered
Your Score History
You have not taken this quiz since the last reset